| 000 | 00583cam a22002053a 4500 | ||
|---|---|---|---|
| 001 | 42831 | ||
| 003 | PGUSA | ||
| 005 | 20140828083955.0 | ||
| 008 | 130528s2013||||xxu|||||s|||||000 | eng d | ||
| 040 |
_aPGUSA _beng |
||
| 042 | _adc | ||
| 100 | 1 |
_aBates, Arlo, _d1850-1918 |
|
| 245 | 1 | 0 |
_aLove in a Cloud : _bA Comedy in Filigree _h[electronic resource] / _cArlo Bates |
| 260 |
_bProject Gutenberg, _c2013 |
||
| 506 | _aPublic domain in the USA. | ||
| 516 | _aElectronic text | ||
| 830 | 0 |
_aProject Gutenberg _v42831 |
|
| 856 | 4 | 0 | _uhttp://www.gutenberg.org/ebooks/42831 |
| 942 | _cEB | ||
| 999 |
_c272083 _d272083 |
||